00789 2200217 4500001002100000005001500021035002000036007000300056008004100059020002200100082000800122084001400130100003200144245009200176260003100268300004900299700003000348700003200378520013800410600002300548INLIS00000000000233120260407082813 a0010-0426000009ta260407 j 0 ind  a978-602-467-897-5 a503 a503 TES u0 aTessa Febiani ( Pengarang )1 aUnsur, senyawa, dan campuran /cTessa Febiani; editor, Ayu Prameswary, Windrati Hapsari aJakarta :bErlangga,c2023 a32 hlm :biIus,bergambar,berwarna ;c28,5 cm0 aAyu Prameswary ( Editor )0 aWindrati Hapsari ( Editor ) aApa itu asam dan basa ? Kapan senyawa berubah menjadi campuran ? Penuhi rasa penasaranmu akan dunia sains melalui ensiklopedia ini !. 4aEnsiklopedia sains